Loading...

Liquid crystals /

Bibliographic Details
Main Author: Chandrasekhar, S.
Format: Printed Book
Published: Bangalore : Indian Academy of Science , 1973.
Subjects:
LEADER 00572cam a2200181ua 4500
008 051209s1973 g b000 u Eng u
020
044 |a   
082 1 4 |a 548.9 L3;1 
100 1 |a Chandrasekhar, S. 
245 0 0 |a Liquid crystals /   |h Textual Documents 
260 |a Bangalore : Indian Academy of Science ,   |c 1973. 
300 |a  ;  
650 0 |a Crystallography 
650 0 |a Physical and structural 
942 |c BK 
999 |c 105667  |d 105667 
952 |0 0  |1 0  |4 0  |6 548_900000000000000_L31  |7 0  |9 100337  |a SCS  |b SCS  |d 2014-06-26  |l 0  |o 548.9 L3;1  |p SCS02095   |r 2014-06-26  |w 2014-06-26  |y BK